Towards decent work with workers in the driver´s seat: learning from the Forum on worker-driven innovation in the globalized economy/
Salvato in:
| Autore principale: | |
|---|---|
| Altri autori: | |
| Natura: | Libro |
| Lingua: | English |
| Tags: |
Aggiungi Tag
Nessun Tag, puoi essere il primo ad aggiungerne!!
|
MARC
| LEADER | 00000nam a22000007a 4500 | ||
|---|---|---|---|
| 003 | cru CIDCACS/IIS | ||
| 005 | 20171208135341.0 | ||
| 007 | ta | ||
| 008 | 171208s2016 ne |||p|r||||||0| ||eng|d | ||
| 999 | |c 40719 |d 40719 | ||
| 040 | |c cru CIDCACS/IIS | ||
| 100 | 1 | |9 6219 |a Siegmann, Karin Astrid | |
| 245 | 1 | |a Towards decent work with workers in the driver´s seat: |b learning from the Forum on worker-driven innovation in the globalized economy/ |c Karin Astrid Siegmann | |
| 300 | |a páginas 4-6 | ||
| 700 | 1 | |9 6220 |a Locco, Giulio | |
| 773 | 0 | |0 18173 |9 1684 |a International Institute of Social Studies |d Netherlands : International Institute of Social Studies |o 19041 |t Development Issues / |w (46221) | |
| 942 | |2 ddc |c PP | ||
